000 00426nam a2200169Ia 4500
005 20250423100342.0
008 250422s9999 xx 000 0 und d
020 _a978-978-987-097-3
050 _aHB 172.5 .N6 N54/
245 0 _aNigeria's macroeconomic development : issues and challenges
260 _aAbuja
260 _bRichard & Partners
260 _c2010
300 _a384 p
650 _aEconomics
942 _cBK
999 _c33048
_d33048